<?xml version="1.0" encoding="UTF-8"?>
<record
    xmlns:xsi="http://www.w3.org/2001/XMLSchema-instance"
    xsi:schemaLocation="http://www.loc.gov/MARC21/slim http://www.loc.gov/standards/marcxml/schema/MARC21slim.xsd"
    xmlns="http://www.loc.gov/MARC21/slim">

  <leader>01711nam a22004097a 4500</leader>
  <controlfield tag="003">OSt</controlfield>
  <controlfield tag="005">20260530115322.0</controlfield>
  <controlfield tag="008">260520b2019    mx a|||| |||| 00| 0 spa d</controlfield>
  <datafield tag="020" ind1=" " ind2=" ">
    <subfield code="a">9786079489489</subfield>
  </datafield>
  <datafield tag="040" ind1=" " ind2=" ">
    <subfield code="a">ICI</subfield>
    <subfield code="b">spa</subfield>
    <subfield code="c">ICI</subfield>
    <subfield code="e">rda</subfield>
  </datafield>
  <datafield tag="050" ind1=" " ind2=" ">
    <subfield code="a">HT155</subfield>
    <subfield code="b">D65</subfield>
  </datafield>
  <datafield tag="100" ind1=" " ind2=" ">
    <subfield code="e">autor</subfield>
  </datafield>
  <datafield tag="245" ind1=" " ind2=" ">
    <subfield code="a">Donde termina la ciudad /</subfield>
    <subfield code="c">Alejandro Hern&#xE1;ndez G&#xE1;lvez, Alfonso Fierro, Angelos Varvarousis, Christian Mendoza, Daniel Daou, Jazmina Barrera, Liam Young, Luz Am&#xE9;rica Viveros Anaya, Marina Otero, Matthew Vitz, Penny Koutrolikou, Regina Hern&#xE1;ndez Franyuti, Ross Exo Adams, Sandra Olgu&#xED;n ; edici&#xF3;n y traducci&#xF3;n al espa&#xF1;ol, Alejandro Hern&#xE1;ndez G&#xE1;lvez</subfield>
  </datafield>
  <datafield tag="250" ind1=" " ind2=" ">
    <subfield code="a">Primera edici&#xF3;n</subfield>
  </datafield>
  <datafield tag="264" ind1=" " ind2=" ">
    <subfield code="a">Ciudad de M&#xE9;xico :</subfield>
    <subfield code="b">Arquine,</subfield>
    <subfield code="c">2019</subfield>
  </datafield>
  <datafield tag="300" ind1=" " ind2=" ">
    <subfield code="a">103 p&#xE1;ginas :</subfield>
    <subfield code="b">ilustraciones</subfield>
  </datafield>
  <datafield tag="336" ind1=" " ind2=" ">
    <subfield code="2">rdacontent</subfield>
    <subfield code="a">texto</subfield>
  </datafield>
  <datafield tag="337" ind1=" " ind2=" ">
    <subfield code="2">rdamedia</subfield>
    <subfield code="a">sin medio</subfield>
  </datafield>
  <datafield tag="338" ind1=" " ind2=" ">
    <subfield code="2">rdacarrier</subfield>
    <subfield code="a">volumen</subfield>
  </datafield>
  <datafield tag="490" ind1="0" ind2=" ">
    <subfield code="a">Mextr&#xF3;poli ;</subfield>
    <subfield code="v">14</subfield>
  </datafield>
  <datafield tag="650" ind1=" " ind2="0">
    <subfield code="a">Ciudades y pueblos</subfield>
    <subfield code="9">22758</subfield>
  </datafield>
  <datafield tag="700" ind1="1" ind2=" ">
    <subfield code="a">Hern&#xE1;ndez G&#xE1;lvez, Alejandro,</subfield>
    <subfield code="e">autor,</subfield>
    <subfield code="e">editor,</subfield>
    <subfield code="e">traductor</subfield>
  </datafield>
  <datafield tag="700" ind1="1" ind2=" ">
    <subfield code="a">Fierro, Alfonso,</subfield>
    <subfield code="e">autor</subfield>
    <subfield code="9">34520</subfield>
  </datafield>
  <datafield tag="700" ind1="1" ind2=" ">
    <subfield code="a">Varvarousis, Angelos,</subfield>
    <subfield code="e">autor</subfield>
    <subfield code="9">34521</subfield>
  </datafield>
  <datafield tag="700" ind1="1" ind2=" ">
    <subfield code="a">Mendoza, Christian,</subfield>
    <subfield code="e">autor</subfield>
    <subfield code="9">34522</subfield>
  </datafield>
  <datafield tag="700" ind1="1" ind2=" ">
    <subfield code="a">Daou, Daniel,</subfield>
    <subfield code="e">autor</subfield>
    <subfield code="9">34523</subfield>
  </datafield>
  <datafield tag="700" ind1="1" ind2=" ">
    <subfield code="a">Barrera Vel&#xE1;zquez, Jazmina,</subfield>
    <subfield code="d">1988- ,</subfield>
    <subfield code="e">autor</subfield>
    <subfield code="9">34524</subfield>
  </datafield>
  <datafield tag="700" ind1="1" ind2=" ">
    <subfield code="a">Young, Liam,</subfield>
    <subfield code="e">autor</subfield>
    <subfield code="9">34525</subfield>
  </datafield>
  <datafield tag="700" ind1="1" ind2=" ">
    <subfield code="a">Viveros Anaya, Luz Am&#xE9;rica,</subfield>
    <subfield code="e">autor</subfield>
    <subfield code="9">34526</subfield>
  </datafield>
  <datafield tag="700" ind1="1" ind2=" ">
    <subfield code="a">Otero, Marina,</subfield>
    <subfield code="e">autor</subfield>
    <subfield code="9">34527</subfield>
  </datafield>
  <datafield tag="700" ind1="1" ind2=" ">
    <subfield code="a">Vitz, Matthew,</subfield>
    <subfield code="d">1979- ,</subfield>
    <subfield code="e">autor</subfield>
    <subfield code="9">34528</subfield>
  </datafield>
  <datafield tag="700" ind1="1" ind2=" ">
    <subfield code="a">Koutrolikou, Penny,</subfield>
    <subfield code="e">autor</subfield>
    <subfield code="9">34529</subfield>
  </datafield>
  <datafield tag="700" ind1="1" ind2=" ">
    <subfield code="a">Hern&#xE1;ndez, Regina,</subfield>
    <subfield code="e">autor</subfield>
    <subfield code="9">34530</subfield>
  </datafield>
  <datafield tag="700" ind1="1" ind2=" ">
    <subfield code="a">Adams, Ross Exo, </subfield>
    <subfield code="e">autor</subfield>
    <subfield code="9">34531</subfield>
  </datafield>
  <datafield tag="700" ind1="1" ind2=" ">
    <subfield code="a">Olgu&#xED;n, Sandra,</subfield>
    <subfield code="e">autor</subfield>
    <subfield code="9">34532</subfield>
  </datafield>
  <datafield tag="942" ind1=" " ind2=" ">
    <subfield code="2">lcc</subfield>
    <subfield code="c">BK</subfield>
    <subfield code="n">1</subfield>
  </datafield>
  <datafield tag="999" ind1=" " ind2=" ">
    <subfield code="c">13812</subfield>
    <subfield code="d">13812</subfield>
  </datafield>
</record>
